000 00423nam a2200145 i 4500
001 58125
003 ES-MaACL
005 20230906163731.0
007 t|
008 031021s1911 fr ||||1| fre d
100 1 _aDoyen, E.
_945546
245 1 0 _aTraitement local des cancers accessibles par l'action de la chaleur au de sus de 55ยบ /
_cE. Doyen.
260 _aParis :
_bA. Maloine,
_c1911.
852 _aES-MaACL
_jT-1260-F-5
999 _c58125
_d58125